Central Library OPAC University of Rajshahi

All of their lives / (Record no. 17125)

MARC details
000 -LEADER
fixed length control field 00680nam a22002411a 4500
001 - CONTROL NUMBER
control field 17125
003 - CONTROL NUMBER IDENTIFIER
rucl marc code BD-RjUL
005 - DATE AND TIME OF LATEST TRANSACTION
control field 20211209000107.0
008 - FIXED-LENGTH DATA ELEMENTS--GENERAL INFORMATION
fixed length control field 140216s1941 nyu 000 1 eng
035 ## - SYSTEM CONTROL NUMBER
System control number (BD-RjUL)17182
System control number (OCoLC)4533761
040 ## - CATALOGING SOURCE
Original cataloging agency DLC
Transcribing agency CU-I
Modifying agency OCoLC
-- OU
-- DLC
-- BD-RjUL
Language of cataloging eng
041 ## - LANGUAGE CODE
Language code of text/sound track or separate title eng
082 ## - DEWEY DECIMAL CLASSIFICATION NUMBER
Classification number 813.5
Author mark and year BRA 1941
100 1# - MAIN ENTRY--PERSONAL NAME
Personal name Brinig, Myron,
Dates associated with a name 1897-1991.
9 (RLIN) 52824
245 10 - TITLE STATEMENT
Title All of their lives /
Statement of responsibility, etc. Myron Brinig.
260 ## - PUBLICATION, DISTRIBUTION, ETC. (IMPRINT)
Place of publication, distribution, etc. New York ;
-- Toronto :
Name of publisher, distributor, etc. Farrar and Rinehart,
Date of publication, distribution, etc. c1941.
300 ## - PHYSICAL DESCRIPTION
Pagination 518 p. ;
Size 22 cm.
650 ## - SUBJECT ADDED ENTRY--TOPICAL TERM
Topical term or geographic name as entry element Families
Form subdivision Fiction
9 (RLIN) 42306
942 ## - ADDED ENTRY ELEMENTS (KOHA)
Source of classification or shelving scheme Dewey Decimal Classification
Koha item type Books
Holdings
Lost status Source of classification or shelving scheme Damaged status Not for loan Collection code Permanent Location Current Location Shelving location Date acquired Source of acquisition Total Checkouts Full call number Date last seen Copy number Koha item type
  Dewey Decimal Classification   Not For Loan Fiction Central Library, University of Rajshahi Central Library, University of Rajshahi Reading Room 12/08/1965 USIS, Dhaka   813.5 BRA 1941 16/02/2014 C-1 Books